000 00361nam a2200169 i 4500
001 bg
245 0 _aDrgania w mechanice i akustyce.
260 _aPoznaƄ,
_c1965.
650 9 _aDrgania
650 9 _aMechanika
650 9 _aAkustyka
040 _cBPK
041 _apol
080 _a531/534
942 _cKS
008 s pl f |000 0 pol
999 _c27151
_d27151
856 _uhttp://koha.tu.koszalin.pl/cgi-bin/koha/opac-detail.pl?biblionumber=27151
_yKatalog online BPK